000 00390nam a22001577a 4500
999 _c5865
_d5863
005 20210828115432.0
008 190528b xxu||||| |||| 00| 0 eng d
020 _a978-93-88194-59-4
041 _aeng
100 _aSUDKE, DR, SURESH G.
_94977
245 _aEXPEREMENTAL PHARMACEUTICS - I
250 _a1st Ed,. 2018
260 _aPUNE
_bNIRALI PRAKASHAN
300 _a8.2 p,
942 _cBK